Je réussis en géo (notice n° 2174977)

détails MARC
000 -LEADER
fixed length control field 01285cam a2200145 4500500
005 - DATE AND TIME OF LATEST TRANSACTION
control field 20260405051042.0
041 ## - LANGUAGE CODE
Language code of text/sound track or separate title fre
042 ## - AUTHENTICATION CODE
Authentication code dc
100 10 - MAIN ENTRY--PERSONAL NAME
Personal name Chabrol, Marie
Relator term author
245 00 - TITLE STATEMENT
Title Je réussis en géo
260 ## - PUBLICATION, DISTRIBUTION, ETC.
Name of publisher, distributor, etc. Armand Colin,<br/>
Date of publication, distribution, etc. 2012.<br/>
520 ## - SUMMARY, ETC.
Summary, etc. Vous vous interrogez sur la formation universitaire en géographie et ses débouchés professionnels ? Ce manuel répond à vos questions et bien d’autres. Vous y trouverez : - une présentation originale de la discipline ; - des conseils concrets pour s’adapter rapidement à l’université ; - des méthodes de travail pour réussir les partiels et assurer en TD ; - un exposé des formations et des nombreux débouchés professionnels. Conçu par des enseignants expérimentés, l’ouvrage s’adresse prioritairement aux étudiants soucieux de se donner les moyens de bien étudier, mais aussi à tous ceux qui voudraient découvrir la géographie et ses formations. Marie Chabrol est docteur et agrégée en géographie, ATER à l’Université Paris IV. Alexandra Monot est docteur et agrégée en géographie, PRAG à l’Université de Strasbourg.
700 10 - ADDED ENTRY--PERSONAL NAME
Personal name Monot, Alexandra
Relator term author
856 41 - ELECTRONIC LOCATION AND ACCESS
Uniform Resource Identifier <a href="https://shs.cairn.info/je-reussis-en-geo--9782200279165?lang=fr&redirect-ssocas=7080">https://shs.cairn.info/je-reussis-en-geo--9782200279165?lang=fr&redirect-ssocas=7080</a>

Pas d'exemplaire disponible.

PLUDOC

PLUDOC est la plateforme unique et centralisée de gestion des bibliothèques physiques et numériques de Guinée administré par le CEDUST. Elle est la plus grande base de données de ressources documentaires pour les Étudiants, Enseignants chercheurs et Chercheurs de Guinée.

Adresse

627 919 101/664 919 101

25 boulevard du commerce
Kaloum, Conakry, Guinée

Réseaux sociaux

Powered by Netsen Group @ 2025